[Event "La Pobla de Lillet op"]
[Site "La Pobla de Lillet ESP"]
[Date "2012.08.08"]
[Round "8.6"]
[White "Guasch Murtra, JM.."]
[Black "Moya Arau, C.."]
[Result "1/2-1/2"]
[WhiteElo "1979"]
[BlackElo "2066"]
[PlyCount "91"]
[EventDate "2012.08.01"]
[EventType "swiss"]
[EventRounds "9"]
[EventCountry "ESP"]
[SourceTitle "Ajedrez en Madrid"]
[Source "lmi"]
[SourceDate "2020.06.24"]
[SourceVersion "1"]
[SourceVersionDate "2020.06.25"]
[SourceQuality "1"]

1. e4 c5 2. Nf3 a6 3. c4 d6 4. Nc3 e6 5. Be2 Nf6 6. O-O Be7 7. d4 cxd4 8. Nxd4
O-O 9. Be3 b6 10. Qb3 Bb7 11. f3 Nbd7 12. Na4 Rb8 13. Rfd1 Qc7 14. Rac1 Nc5 15.
Qc2 Rfd8 16. Nc3 Rbc8 17. b4 Ncd7 18. Bf1 Ne5 19. Na4 Nfd7 20. Qb3 Bf8 21. Rc2
Qb8 22. Rdc1 Rc7 23. Ne2 Ba8 24. Ng3 Rdc8 25. Nb2 a5 26. a3 d5 27. cxd5 exd5
28. exd5 Rxc2 29. Rxc2 Rxc2 30. Qxc2 Bxd5 31. Bd2 h5 32. Ne4 h4 33. Ng5 g6 34.
Nd3 Nxd3 35. Bxd3 Ne5 36. Be4 Bxe4 37. Qxe4 Qd6 38. Qxh4 Bg7 39. Qe1 Qd4+ 40.
Be3 Qb2 41. bxa5 bxa5 42. Qc1 Qxc1+ 43. Bxc1 Nd3 44. Bd2 a4 45. Ne4 Bf8 46. Nc3
1/2-1/2

[Event "La Pobla de Lillet op"]
[Site "La Pobla de Lillet ESP"]
[Date "2012.08.08"]
[Round "8.7"]
[White "Corrigüelas Armillas, F.."]
[Black "Garcia Castellote, O.."]
[Result "1-0"]
[WhiteElo "1969"]
[BlackElo "2061"]
[PlyCount "51"]
[EventDate "2012.08.01"]
[EventType "swiss"]
[EventRounds "9"]
[EventCountry "ESP"]
[SourceTitle "Ajedrez en Madrid"]
[Source "lmi"]
[SourceDate "2020.06.24"]
[SourceVersion "1"]
[SourceVersionDate "2020.06.25"]
[SourceQuality "1"]

1. e4 c5 2. Nf3 Nc6 3. d4 cxd4 4. Nxd4 g6 5. Nc3 Bg7 6. Be3 Nf6 7. f3 O-O 8. g4
Qb6 9. Rb1 d5 10. g5 dxe4 11. gxf6 Bxf6 12. fxe4 Bxd4 13. Nd5 Bxe3 14. Nxb6
Bxb6 15. h4 Rd8 16. Qe2 Nd4 17. Qg2 Be6 18. h5 Bxa2 19. Ra1 Be6 20. hxg6 hxg6
21. c3 Nb3 22. Qh2 Kg7 23. Qe5+ f6 24. Qxe6 Nxa1 25. Qxe7+ Kg8 26. Bc4+ 1-0

[Event "La Pobla de Lillet op"]
[Site "La Pobla de Lillet ESP"]
[Date "2012.08.08"]
[Round "8.8"]
[White "Anguera Maestro, J.."]
[Black "Garcia Galeote, L.."]
[Result "1/2-1/2"]
[WhiteElo "2153"]
[BlackElo "2025"]
[PlyCount "142"]
[EventDate "2012.08.01"]
[EventType "swiss"]
[EventRounds "9"]
[EventCountry "ESP"]
[SourceTitle "Ajedrez en Madrid"]
[Source "lmi"]
[SourceDate "2020.06.24"]
[SourceVersion "1"]
[SourceVersionDate "2020.06.25"]
[SourceQuality "1"]

1. d4 d5 2. c4 e6 3. Nc3 Nf6 4. Nf3 Be7 5. e3 Nbd7 6. Bd3 O-O 7. O-O b6 8. e4
dxe4 9. Nxe4 Bb7 10. Ng3 c5 11. Be3 Bxf3 12. Qxf3 cxd4 13. Bxd4 Nc5 14. Rad1
Nxd3 15. Rxd3 Qc7 16. b3 Rad8 17. Bxf6 Rxd3 18. Qxd3 Bxf6 19. Ne4 Be5 20. g3
Rd8 21. Qc2 Qd7 22. Re1 Bd4 23. Re2 Bf6 24. Rd2 Qe7 25. Qd1 Rxd2 26. Qxd2 g6
27. Qd6 Kg7 28. Kf1 Qb7 29. f3 Be7 30. Qd4+ Kg8 31. Ke2 Qc7 32. Kd3 Qc6 33. Ke2
Qc7 34. Nc3 h5 35. Nb5 Qb7 36. Qe5 a5 37. Nc3 Bd8 38. Ne4 Be7 39. h3 Qc8 40. g4
hxg4 41. hxg4 Qd8 42. g5 Bb4 43. a4 Ba3 44. Nf6+ Kf8 45. Ng4 Bc1 46. Qh8+ Ke7
47. Qxd8+ Kxd8 48. Ne5 Ke8 49. c5 bxc5 50. Nc4 Bxg5 51. Nxa5 Kd7 52. Nc4 Bf4
53. Nb2 Kc6 54. Nd3 Bc7 55. Nf2 f5 56. Nh3 e5 57. Ng5 Bd8 58. Ne6 Be7 59. Kd3
Bd6 60. Kc4 e4 61. fxe4 fxe4 62. Ng5 e3 63. Kd3 Kb6 64. Kxe3 Ka5 65. Kd3 Kb4
66. Kc2 Be7 67. Ne4 g5 68. Nc3 g4 69. Nd5+ Ka5 70. Kd3 Bd6 71. Ke2 c4 1/2-1/2

[Event "La Pobla de Lillet op"]
[Site "La Pobla de Lillet ESP"]
[Date "2012.08.08"]
[Round "8.9"]
[White "Alcaide Luque, A.."]
[Black "Diaz Lopez, P.."]
[Result "1-0"]
[WhiteElo "2123"]
[BlackElo "1962"]
[PlyCount "47"]
[EventDate "2012.08.01"]
[EventType "swiss"]
[EventRounds "9"]
[EventCountry "ESP"]
[SourceTitle "Ajedrez en Madrid"]
[Source "lmi"]
[SourceDate "2020.06.24"]
[SourceVersion "1"]
[SourceVersionDate "2020.06.25"]
[SourceQuality "1"]

1. d4 d5 2. Bg5 g6 3. e3 Bg7 4. c4 Nf6 5. Nc3 c6 6. Qb3 Ne4 7. Nxe4 dxe4 8. Qa3
f6 9. Bf4 a5 10. Ne2 Na6 11. Nc3 Nb4 12. Qb3 Nd3+ 13. Bxd3 exd3 14. O-O e5 15.
Bg3 Qe7 16. Na4 Be6 17. d5 Bf5 18. f3 e4 19. d6 Qf7 20. fxe4 Bxe4 21. Nc5 Bf5
22. Rxf5 gxf5 23. d7+ Ke7 24. Qxd3 1-0

[Event "La Pobla de Lillet op"]
[Site "La Pobla de Lillet ESP"]
[Date "2012.08.08"]
[Round "8.10"]
[White "Viñals Rioja, J.."]
[Black "Ramos del Campo, A.."]
[Result "1/2-1/2"]
[WhiteElo "2012"]
[BlackElo "2078"]
[PlyCount "30"]
[EventDate "2012.08.01"]
[EventType "swiss"]
[EventRounds "9"]
[EventCountry "ESP"]
[SourceTitle "Ajedrez en Madrid"]
[Source "lmi"]
[SourceDate "2020.06.24"]
[SourceVersion "1"]
[SourceVersionDate "2020.06.25"]
[SourceQuality "1"]

1. Nf3 Nf6 2. d4 d5 3. e3 e6 4. Bd3 Be7 5. Nbd2 O-O 6. O-O Nbd7 7. c3 b6 8. e4
dxe4 9. Nxe4 Bb7 10. Re1 Nxe4 11. Bxe4 Bxe4 12. Rxe4 c5 13. Re1 Nf6 14. dxc5
Qxd1 15. Rxd1 Bxc5 1/2-1/2

[Event "La Pobla de Lillet op"]
[Site "La Pobla de Lillet ESP"]
[Date "2012.08.08"]
[Round "8.12"]
[White "Cerdans Costa, F.."]
[Black "Capellades Subirana, M.."]
[Result "0-1"]
[WhiteElo "1882"]
[BlackElo "2237"]
[PlyCount "38"]
[EventDate "2012.08.01"]
[EventType "swiss"]
[EventRounds "9"]
[EventCountry "ESP"]
[SourceTitle "Ajedrez en Madrid"]
[Source "lmi"]
[SourceDate "2020.06.24"]
[SourceVersion "1"]
[SourceVersionDate "2020.06.25"]
[SourceQuality "1"]

1. d4 Nf6 2. c4 e6 3. Nc3 Bb4 4. e3 b6 5. Bd3 Bb7 6. Nf3 Be4 7. O-O Bxc3 8.
bxc3 O-O 9. Ne1 d5 10. f3 Bxd3 11. Qxd3 Nc6 12. e4 h6 13. cxd5 exd5 14. Nc2
dxe4 15. fxe4 Re8 16. Ne3 Rxe4 17. Nf5 Ne5 18. Nxh6+ gxh6 19. Rxf6 Nxd3 0-1

[Event "La Pobla de Lillet op"]
[Site "La Pobla de Lillet ESP"]
[Date "2012.08.08"]
[Round "8.37"]
[White "Montero Montero, JJ.."]
[Black "Garcia Pitarch, R.."]
[Result "1-0"]
[WhiteElo "1717"]
[BlackElo "1401"]
[PlyCount "105"]
[EventDate "2012.08.01"]
[EventType "swiss"]
[EventRounds "9"]
[EventCountry "ESP"]
[SourceTitle "Ajedrez en Madrid"]
[Source "lmi"]
[SourceDate "2020.06.24"]
[SourceVersion "1"]
[SourceVersionDate "2020.06.25"]
[SourceQuality "1"]

1. e4 c6 2. Nf3 d5 3. exd5 cxd5 4. d4 Bg4 5. Be2 Nf6 6. h3 Bf5 7. c3 e6 8. Ne5
a6 9. Nd2 Be7 10. Ndf3 Ne4 11. g4 Bg6 12. Qa4+ Nd7 13. Nxd7 Qxd7 14. Qxd7+ Kxd7
15. Ne5+ Ke8 16. Nxg6 fxg6 17. Bd3 Bh4 18. Bxe4 dxe4 19. Be3 Rf8 20. Ke2 h6 21.
Rag1 Rd8 22. Rg2 Rf7 23. g5 Bxg5 24. Bxg5 hxg5 25. Rxg5 Rf6 26. Rhg1 Kf7 27.
R5g4 Rh8 28. h4 Rh5 29. Rxe4 Rb5 30. b4 a5 31. a4 Rb6 32. b5 Ke7 33. c4 Rd6 34.
Rg5 Kf7 35. h5 gxh5 36. Rxh5 Rh6 37. Rhe5 Rh3 38. c5 Rd7 39. c6 bxc6 40. bxc6
Rc7 41. Rxe6 Ra3 42. d5 Ra2+ 43. Kf3 Rc8 44. Re7+ Kf8 45. Rd7 Kg8 46. Rf4 Ra3+
47. Kg4 Rf8 48. Rxf8+ Kxf8 49. Rd8+ Ke7 50. c7 Rxa4+ 51. Kf5 Rd4 52. c8=Q Rxd5+
53. Rxd5 1-0

[Event "La Pobla de Lillet op"]
[Site "La Pobla de Lillet ESP"]
[Date "2012.08.09"]
[Round "9.1"]
[White "Valdes Romero, L.."]
[Black "Movsziszian, K.."]
[Result "1-0"]
[WhiteElo "2366"]
[BlackElo "2469"]
[PlyCount "64"]
[EventDate "2012.08.01"]
[EventType "swiss"]
[EventRounds "9"]
[EventCountry "ESP"]
[SourceTitle "Ajedrez en Madrid"]
[Source "lmi"]
[SourceDate "2020.06.24"]
[SourceVersion "1"]
[SourceVersionDate "2020.06.25"]
[SourceQuality "1"]

1. Nf3 d6 2. g3 g6 3. Bg2 Bg7 4. O-O e5 5. c4 Nc6 6. Nc3 f5 7. d3 Nf6 8. Rb1
O-O 9. b4 h6 10. b5 Ne7 11. Qb3 Be6 12. Nd2 Rb8 13. Qa4 Nc8 14. Ba3 Nd7 15. Nd5
h5 16. Qc2 Rf7 17. e3 g5 18. f4 Bh6 19. fxg5 Bxg5 20. Nf3 Bh6 21. Nh4 Nf8 22.
Qe2 Qg5 23. Kh1 Nb6 24. Nxc7 Rd8 25. Nxe6 Nxe6 26. Rbe1 Kh8 27. Bh3 Ng7 28. Bb2
Nd7 29. d4 Re8 30. Qd2 Ref8 31. c5 dxc5 32. dxc5 Ne6 1-0

[Event "La Pobla de Lillet op"]
[Site "La Pobla de Lillet ESP"]
[Date "2012.08.09"]
[Round "9.2"]
[White "Oms Pallisse, J.."]
[Black "Corrigüelas Armillas, F.."]
[Result "1-0"]
[WhiteElo "2461"]
[BlackElo "1969"]
[PlyCount "71"]
[EventDate "2012.08.01"]
[EventType "swiss"]
[EventRounds "9"]
[EventCountry "ESP"]
[SourceTitle "Ajedrez en Madrid"]
[Source "lmi"]
[SourceDate "2020.06.24"]
[SourceVersion "1"]
[SourceVersionDate "2020.06.25"]
[SourceQuality "1"]

1. Nf3 Nf6 2. c4 e6 3. g3 b6 4. Bg2 Bb7 5. O-O Be7 6. d4 O-O 7. Re1 d5 8. cxd5
exd5 9. Nc3 Nbd7 10. Bf4 c6 11. Ne5 Re8 12. e3 Nxe5 13. dxe5 Ne4 14. h4 Nxc3
15. bxc3 Bc5 16. Qc2 Qe7 17. Rad1 h6 18. e4 Rad8 19. exd5 cxd5 20. Rd3 d4 21.
Bxb7 Qxb7 22. Red1 Rc8 23. Qb3 Be7 24. cxd4 g5 25. hxg5 hxg5 26. Bc1 Kg7 27.
Rf3 f6 28. Bb2 Rh8 29. d5 Rh6 30. exf6+ Bxf6 31. Rxf6 Rxf6 32. Qe3 Kg6 33. Qe4+
Kg7 34. Qe5 Qf7 35. Qxg5+ Qg6 36. Bxf6+ 1-0

[Event "La Pobla de Lillet op"]
[Site "La Pobla de Lillet ESP"]
[Date "2012.08.09"]
[Round "9.3"]
[White "Antoli Royo, JM.."]
[Black "Peralta, F.."]
[Result "1/2-1/2"]
[WhiteElo "2606"]
[BlackElo "2398"]
[PlyCount "66"]
[EventDate "2012.08.01"]
[EventType "swiss"]
[EventRounds "9"]
[EventCountry "ESP"]
[SourceTitle "Ajedrez en Madrid"]
[Source "lmi"]
[SourceDate "2020.06.24"]
[SourceVersion "1"]
[SourceVersionDate "2020.06.25"]
[SourceQuality "1"]

1. e4 c6 2. d4 d5 3. Nc3 dxe4 4. Nxe4 Bf5 5. Ng3 Bg6 6. h4 h6 7. h5 Bh7 8. Nf3
e6 9. Bd3 Bxd3 10. Qxd3 Nf6 11. Bd2 Be7 12. O-O-O O-O 13. Ne4 Nxe4 14. Qxe4 Qd5
15. Qxd5 cxd5 16. Ne5 Nc6 17. Nxc6 bxc6 18. Rhe1 c5 19. dxc5 Bxc5 20. f4 Rfe8
21. Bc3 Rad8 22. Re2 f6 23. Bd4 Bxd4 24. Rxd4 e5 25. fxe5 fxe5 26. Ra4 Rd7 27.
Ra5 e4 28. c3 Re5 29. c4 Rxh5 30. Rxd5 Rdxd5 31. cxd5 Rxd5 32. Rxe4 h5 33. b4
Rg5 1/2-1/2

[Event "La Pobla de Lillet op"]
[Site "La Pobla de Lillet ESP"]
[Date "2012.08.09"]
[Round "9.6"]
[White "Moya Arau, C.."]
[Black "Alcaide Luque, A.."]
[Result "0-1"]
[WhiteElo "2066"]
[BlackElo "2123"]
[PlyCount "126"]
[EventDate "2012.08.01"]
[EventType "swiss"]
[EventRounds "9"]
[EventCountry "ESP"]
[SourceTitle "Ajedrez en Madrid"]
[Source "lmi"]
[SourceDate "2020.06.24"]
[SourceVersion "1"]
[SourceVersionDate "2020.06.25"]
[SourceQuality "1"]

1. e4 e6 2. d4 d5 3. Nd2 Nf6 4. e5 Nfd7 5. Bd3 c5 6. c3 b6 7. Ngf3 Ba6 8. Bxa6
Nxa6 9. O-O Be7 10. Re1 b5 11. a3 O-O 12. Nf1 Qb6 13. h4 f6 14. exf6 Bxf6 15.
h5 Nc7 16. h6 cxd4 17. cxd4 e5 18. Be3 e4 19. Ng5 Bxg5 20. Bxg5 Qg6 21. Be3 Ne6
22. hxg7 Qxg7 23. Rc1 Nf6 24. Rc6 Qd7 25. Qc2 Rfc8 26. Rc1 Rxc6 27. Qxc6 Qxc6
28. Rxc6 Kf7 29. Ng3 Ng8 30. Nf5 a6 31. Rd6 Nf6 32. Nh6+ Ke7 33. Rb6 Kd7 34.
Nf5 Ne8 35. Bd2 N8c7 36. Rd6+ Ke8 37. Ba5 Rd8 38. Rc6 Kd7 39. Rc3 Rf8 40. Ng7
Rf7 41. Nh5 b4 42. Bxb4 Nb5 43. Rc2 Nbxd4 44. Rd2 Kc6 45. Ng3 Kb5 46. Ne2 Kc4
47. Nxd4 Nxd4 48. Rd1 Nb3 49. Re1 a5 50. Bd6 Rf6 51. Bg3 Re6 52. Kf1 d4 53. Ke2
e3 54. fxe3 Rxe3+ 55. Kf2 Rxe1 56. Kxe1 Kd3 57. Kd1 a4 58. Bf4 Na5 59. g4 Nc4
60. Bc1 Ne3+ 61. Bxe3 dxe3 62. Ke1 e2 63. g5 Ke3 0-1

[Event "La Pobla de Lillet op"]
[Site "La Pobla de Lillet ESP"]
[Date "2012.08.09"]
[Round "9.7"]
[White "Roca Diaz, MA.."]
[Black "Capellades Subirana, M.."]
[Result "0-1"]
[WhiteElo "2045"]
[BlackElo "2237"]
[PlyCount "40"]
[EventDate "2012.08.01"]
[EventType "swiss"]
[EventRounds "9"]
[EventCountry "ESP"]
[SourceTitle "Ajedrez en Madrid"]
[Source "lmi"]
[SourceDate "2020.06.24"]
[SourceVersion "1"]
[SourceVersionDate "2020.06.25"]
[SourceQuality "1"]

1. d4 Nf6 2. c4 e6 3. g3 c5 4. d5 b5 5. cxb5 Nxd5 6. e4 Nf6 7. Nc3 Bb7 8. Bg5
h6 9. Bxf6 gxf6 10. Bc4 f5 11. f3 fxe4 12. fxe4 Bg7 13. Nge2 d6 14. Qd2 Nd7 15.
Qxd6 Ne5 16. Qxd8+ Rxd8 17. b3 Nxc4 18. bxc4 Bxe4 19. Rf1 Bd3 20. Rf4 Bxe2 0-1

[Event "La Pobla de Lillet op"]
[Site "La Pobla de Lillet ESP"]
[Date "2012.08.09"]
[Round "9.8"]
[White "Garcia Castellote, O.."]
[Black "Anguera Maestro, J.."]
[Result "1/2-1/2"]
[WhiteElo "2061"]
[BlackElo "2153"]
[PlyCount "81"]
[EventDate "2012.08.01"]
[EventType "swiss"]
[EventRounds "9"]
[EventCountry "ESP"]
[SourceTitle "Ajedrez en Madrid"]
[Source "lmi"]
[SourceDate "2020.06.24"]
[SourceVersion "1"]
[SourceVersionDate "2020.06.25"]
[SourceQuality "1"]

1. e4 d6 2. g3 g6 3. Bg2 Bg7 4. d3 e5 5. Nc3 Ne7 6. Nge2 Be6 7. d4 Qc8 8. Be3
O-O 9. Qd2 a6 10. O-O-O b5 11. dxe5 dxe5 12. Bc5 Re8 13. Nd5 Nec6 14. Be3 Nd7
15. Bh6 Ne7 16. h4 c6 17. Nxe7+ Rxe7 18. Kb1 Nb6 19. Bxg7 Kxg7 20. h5 Rd7 21.
Qc3 f6 22. Rxd7+ Qxd7 23. hxg6 hxg6 24. Qe3 Qd8 25. Qh6+ Kf7 26. Qh7+ Kf8 27.
Qxg6 Bf7 28. Qf5 Ke7 29. Rh6 Qd6 30. Nc1 Nd7 31. f4 Rg8 32. Bh3 Nf8 33. b3 Rxg3
34. fxe5 Qxe5 35. Qxe5+ fxe5 36. Bf5 Bg6 37. Bxg6 Rxg6 38. Rxg6 Nxg6 39. Nd3
Kd6 40. b4 Nf4 41. Nc5 1/2-1/2

[Event "La Pobla de Lillet op"]
[Site "La Pobla de Lillet ESP"]
[Date "2012.08.09"]
[Round "9.9"]
[White "Tejero Royo, F.."]
[Black "Garcia Miracle, JJ.."]
[Result "1/2-1/2"]
[WhiteElo "2136"]
[BlackElo "2059"]
[PlyCount "33"]
[EventDate "2012.08.01"]
[EventType "swiss"]
[EventRounds "9"]
[EventCountry "ESP"]
[SourceTitle "Ajedrez en Madrid"]
[Source "lmi"]
[SourceDate "2020.06.24"]
[SourceVersion "1"]
[SourceVersionDate "2020.06.25"]
[SourceQuality "1"]

1. e4 c6 2. d4 d5 3. Nc3 dxe4 4. Nxe4 Bf5 5. Ng3 Bg6 6. Nf3 Nd7 7. h4 h6 8. h5
Bh7 9. Bd3 Bxd3 10. Qxd3 e6 11. c4 Qa5+ 12. Bd2 Bb4 13. a3 Bxd2+ 14. Qxd2 Qxd2+
15. Kxd2 Ngf6 16. Kc3 c5 17. Rhe1 1/2-1/2

[Event "La Pobla de Lillet op"]
[Site "La Pobla de Lillet ESP"]
[Date "2012.08.09"]
[Round "9.10"]
[White "Ramos del Campo, A.."]
[Black "Garcia Castellote, D.."]
[Result "1-0"]
[WhiteElo "2078"]
[BlackElo "2009"]
[PlyCount "43"]
[EventDate "2012.08.01"]
[EventType "swiss"]
[EventRounds "9"]
[EventCountry "ESP"]
[SourceTitle "Ajedrez en Madrid"]
[Source "lmi"]
[SourceDate "2020.06.24"]
[SourceVersion "1"]
[SourceVersionDate "2020.06.25"]
[SourceQuality "1"]

1. e4 c5 2. Nf3 e6 3. Qe2 Nc6 4. g3 g6 5. Bg2 Bg7 6. O-O Nge7 7. d3 d6 8. c3
O-O 9. Be3 b6 10. d4 Bb7 11. Rd1 Qc8 12. Na3 Ba6 13. Qd2 Qc7 14. Rac1 Rfd8 15.
b4 Bb7 16. Qe1 Nb8 17. Bf4 a6 18. Nc4 Nc8 19. Qe3 b5 20. Na5 c4 21. h4 d5 22.
Bxc7 1-0

[Event "La Pobla de Lillet op"]
[Site "La Pobla de Lillet ESP"]
[Date "2012.08.09"]
[Round "9.12"]
[White "Garcia Galeote, L.."]
[Black "Gomez Benitez, D.."]
[Result "0-1"]
[WhiteElo "2025"]
[BlackElo "2062"]
[PlyCount "110"]
[EventDate "2012.08.01"]
[EventType "swiss"]
[EventRounds "9"]
[EventCountry "ESP"]
[SourceTitle "Ajedrez en Madrid"]
[Source "lmi"]
[SourceDate "2020.06.24"]
[SourceVersion "1"]
[SourceVersionDate "2020.06.25"]
[SourceQuality "1"]

1. Nf3 d5 2. b3 Nf6 3. Bb2 g6 4. e3 Bg7 5. c4 c6 6. Be2 O-O 7. O-O Qb6 8. Qc2
Bf5 9. d3 Na6 10. a3 Rfd8 11. Nd4 Bg4 12. b4 dxc4 13. dxc4 e5 14. c5 Qc7 15.
Nf3 Bf5 16. Qb3 Be6 17. Bc4 Bxc4 18. Qxc4 e4 19. Be5 Qe7 20. Bd6 Rxd6 21. cxd6
Qxd6 22. Nd4 Ng4 23. g3 Ne5 24. Qc2 Nf3+ 25. Kg2 Nxd4 26. exd4 Qxd4 27. Ra2 Re8
28. Qd2 Qe5 29. Rc2 Nc7 30. Nc3 Ne6 31. Re1 f5 32. Qe3 h5 33. Kf1 Nd4 34. Rcc1
Nf3 35. Red1 Re7 36. Ne2 Kh7 37. Qc5 Nxh2+ 38. Kg2 Ng4 39. Nf4 e3 40. f3 e2 41.
Re1 Ne3+ 42. Kh3 Qxc5 43. Rxc5 Bd4 44. Rcc1 g5 45. Nxe2 g4+ 46. Kh2 Bb2 47. Rb1
Nc2 48. Rxb2 Nxe1 49. fxg4 hxg4 50. Nd4 Nf3+ 51. Nxf3 gxf3 52. Rb3 Re2+ 53. Kh3
f2 54. Rf3 Kg6 55. g4 Re3 0-1

[Event "La Pobla de Lillet op"]
[Site "La Pobla de Lillet ESP"]
[Date "2012.08.09"]
[Round "9.30"]
[White "Serrano Burgos, P.."]
[Black "Montero Montero, JJ.."]
[Result "1/2-1/2"]
[WhiteElo "1551"]
[BlackElo "1717"]
[PlyCount "56"]
[EventDate "2012.08.01"]
[EventType "swiss"]
[EventRounds "9"]
[EventCountry "ESP"]
[SourceTitle "Ajedrez en Madrid"]
[Source "lmi"]
[SourceDate "2020.06.24"]
[SourceVersion "1"]
[SourceVersionDate "2020.06.25"]
[SourceQuality "1"]

1. e4 Nf6 2. Nc3 e5 3. Nf3 d6 4. d4 exd4 5. Nxd4 a6 6. Be3 Bd7 7. f3 Nc6 8.
Nxc6 Bxc6 9. Bc4 Be7 10. O-O O-O 11. Qd2 Re8 12. Rad1 Bf8 13. Rfe1 Bd7 14. Nd5
c6 15. Nb6 Rb8 16. Nxd7 Nxd7 17. Bf4 Ne5 18. Bxe5 dxe5 19. Kh1 Qxd2 20. Rxd2 b5
21. Bb3 c5 22. Bd5 Red8 23. c3 g6 24. Red1 Be7 25. b3 Kg7 26. Rd3 b4 27. c4 h5
28. g3 a5 1/2-1/2